00415nam a2200169Ia 4500003000400000005001700004008004100021020001500062050002300077100002000100245004000120260003500160300002900195440000600224521000700230526000800237OSt20140312151136.0140130s9999 xx 000 0 und d a0590187503 aPZ 7b.B146Po 1994 aBaglio, Ben M.  aPony On The Porch /cBen M. Baglio. bScholastic,c1994.aNew York : a142 p. :bill. ;c18 cm. v1 aG3 c550